Normal view
MARC view
- البصام، ناجي
Entry Personal Name
001 - CONTROL NUMBER
- control field: 45451
003 - CONTROL NUMBER IDENTIFIER
- control field: JO-AjAnu
005 - DATE AND TIME OF LATEST TRANSACTION
- control field: 20230606081522.0
008 - FIXED-LENGTH DATA ELEMENTS
- fixed length control field: 230606|| aca||aabn | a|a d
040 ## - CATALOGING SOURCE
- Original cataloging agency: JO-AjAnu
- Transcribing agency: JO-AjAnu
100 ## - HEADING--PERSONAL NAME
- Personal name: البصام، ناجي
670 ## - SOURCE DATA FOUND
- Source citation: Work cat.: (JO-AjAnu)23272: البصام، ناجي, author, ادارة التنمية في العراق ومصر : دراسة نظرية واهم القضايا التطبيقية= Development Administration in Iraq and Egypt: A Theoritical Study with the Important practical Issues